[Event "Bratto op-A 27th"]
[Site "Bratto"]
[Date "2007.08.31"]
[Round "9"]
[White "Pagnoncelli, Marco"]
[Black "Gallucci, Alessio"]
[Result "1-0"]
[WhiteElo "2129"]
[BlackElo "2006"]
[PlyCount "69"]
[EventDate "2007.08.23"]
[EventType "swiss"]
[EventRounds "9"]
[EventCountry "ITA"]
[SourceTitle "CBM 120 Extra"]
[Source "ChessBase"]
[SourceDate "2007.11.01"]
[SourceVersion "1"]
[SourceVersionDate "2007.11.01"]
[SourceQuality "1"]

1. e4 c5 2. Nf3 d6 3. d4 cxd4 4. Nxd4 Nf6 5. Nc3 g6 6. Be3 Bg7 7. f3 0-0 8. Qd2 Nc6 9. Bc4 Bd7 10. 0-0-0 Rc8 11. Bb3 Ne5 12. g4 b5 13. h4 b4 14. Nd5 a5 15. Bh6 a4 16. Bxg7 axb3 17. Bxf6 bxa2 18. Qh6 a1Q+ 19. Kd2 Rxc2+ 20. Ke3 Re2+ 21. Kf4 exf6 22. Rxa1 Rf2 23. Ra8 Nxg4 24. Rxd8 Rxd8 25. Nxf6+ Nxf6 26. Qg5 Kg7 27. b3 Ra8 28. Ke3 Raa2 29. Qg3 Rfd2 30. Qxd6 Bb5 31. Qe5 Be2 32. h5 Rd3+ 33. Kf4 h6 34. hxg6 Bd1 35. Nf5+ 1-0

[Event "Bratto op 23rd"]
[Site "Bratto"]
[Date "2003.08.29"]
[Round "9"]
[White "Sbarra, Marco"]
[Black "Pagnoncelli, Marco"]
[Result "1/2-1/2"]
[WhiteElo "2207"]
[BlackElo "2116"]
[PlyCount "79"]
[EventDate "2003.08.21"]
[EventType "swiss"]
[EventRounds "9"]
[EventCountry "ITA"]
[SourceTitle "EXT 2004"]
[Source "ChessBase"]
[SourceDate "2003.11.25"]
[SourceVersion "1"]
[SourceVersionDate "2003.11.25"]
[SourceQuality "1"]

1. e4 c5 2. Nf3 d6 3. Bb5+ Bd7 4. Bxd7+ Qxd7 5. c4 Nc6 6. d4 cxd4 7. Nxd4 Nf6 8. Nc3 g6 9. 0-0 Bg7 10. Nde2 0-0 11. f3 Rfc8 12. Be3 Qd8 13. b3 a6 14. a4 Qa5 15. Qd2 Nd7 16. Rab1 Qe5 17. Kh1 Rab8 18. Rfd1 Nf8 19. Qd5 Nb4 20. Qd2 Nc6 21. f4 Qe6 22. Qd5 Nb4 23. Qxe6 fxe6 24. a5 Nc2 25. Ba7 Ra8 26. Bf2 Rc7 27. Bb6 Rc6 28. Rd2 Nb4 29. Rbd1 Kf7 30. g4 Re8 31. Bd4 Bxd4 32. Nxd4 Rc5 33. Nf3 Rxa5 34. e5 d5 35. cxd5 exd5 36. Nxd5 Nxd5 37. Rxd5 Rxd5 38. Rxd5 Rc8 39. Ng5+ Kg7 40. Rd3 1/2-1/2

[Event "Bratto op 22nd"]
[Site "Bratto"]
[Date "2002.08.27"]
[Round "8"]
[White "Pagnoncelli, Marco"]
[Black "Ranieri, Fabrizio"]
[Result "1/2-1/2"]
[WhiteElo "2101"]
[BlackElo "2161"]
[PlyCount "52"]
[EventDate "2002.08.20"]
[EventType "swiss"]
[EventRounds "9"]
[EventCountry "ITA"]
[SourceTitle "EXT 2003"]
[Source "ChessBase"]
[SourceDate "2002.11.25"]
[SourceVersion "1"]
[SourceVersionDate "2002.11.25"]
[SourceQuality "1"]

1. e4 e6 2. d4 d5 3. exd5 exd5 4. Nf3 Nc6 5. c4 Bg4 6. Be2 Nf6 7. 0-0 Be7 8. Nc3 0-0 9. h3 Be6 10. cxd5 Nxd5 11. a3 Bf6 12. Ne4 h6 13. Nxf6+ Qxf6 14. Be3 Rad8 15. Rc1 Nf4 16. Qd2 Nxe2+ 17. Qxe2 Rfe8 18. Rfd1 Bd5 19. Rd2 Rd7 20. Qd1 Qd6 21. b4 a6 22. Rc3 Qg6 23. Nh4 Qf6 24. Qg4 Be6 25. Qg3 Rc8 26. Nf3 Bd5 1/2-1/2

[Event "Bratto op 21st"]
[Site "Bratto"]
[Date "2001.08.29"]
[Round "8"]
[White "Pagnoncelli, Marco"]
[Black "Ferrari, Nicola"]
[Result "1-0"]
[WhiteElo "2064"]
[BlackElo "2163"]
[PlyCount "79"]
[EventDate "2001.08.22"]
[EventType "swiss"]
[EventRounds "9"]
[EventCountry "ITA"]
[SourceTitle "EXT 2002"]
[Source "ChessBase"]
[SourceDate "2001.11.25"]
[SourceVersion "1"]
[SourceVersionDate "2001.11.25"]
[SourceQuality "1"]

1. e4 c6 2. d4 d5 3. e5 Bf5 4. h4 h5 5. c4 e6 6. Nc3 dxc4 7. Bxc4 Nd7 8. Bg5 Be7 9. Nf3 Nb6 10. Bb3 Qd7 11. Bxe7 Nxe7 12. Ng5 Ned5 13. Nce4 Bxe4 14. Nxe4 0-0-0 15. Qd2 Qe7 16. 0-0-0 Kb8 17. Kb1 f6 18. f4 Qf7 19. Nd6 Rxd6 20. exd6 Rd8 21. Ka1 Rxd6 22. Qf2 f5 23. Rhe1 Nf6 24. Qe2 Nbd5 25. Qe5 Kc7 26. Bxd5 Nxd5 27. Rd3 Qg6 28. g3 Qf6 29. Qe2 Nb4 30. Rd2 g6 31. a3 Nd5 32. Qc4 Nb6 33. Qb3 Rd5 34. Rde2 Qxd4 35. Rxe6 Qd2 36. Qe3 Qc2 37. Rxg6 Rd1+ 38. Rxd1 Qxd1+ 39. Ka2 Nd5 40. Qc5 1-0

[Event "Bratto op 21st"]
[Site "Bratto"]
[Date "2001.08.28"]
[Round "7"]
[White "Pagnoncelli, Marco"]
[Black "Cugini, Verter"]
[Result "1/2-1/2"]
[WhiteElo "2064"]
[BlackElo "2207"]
[PlyCount "55"]
[EventDate "2001.08.22"]
[EventType "swiss"]
[EventRounds "9"]
[EventCountry "ITA"]
[SourceTitle "EXT 2002"]
[Source "ChessBase"]
[SourceDate "2001.11.25"]
[SourceVersion "1"]
[SourceVersionDate "2001.11.25"]
[SourceQuality "1"]

1. e4 e6 2. d4 d5 3. exd5 exd5 4. Nf3 Bd6 5. c4 c6 6. Nc3 Ne7 7. Bg5 f6 8. Bh4 Be6 9. c5 Bf4 10. Bd3 Bf5 11. 0-0 0-0 12. Bg3 Bxg3 13. hxg3 Nd7 14. Re1 Bxd3 15. Qxd3 Ng6 16. b4 b5 17. Qf5 Nb8 18. a4 bxa4 19. Rxa4 Qc8 20. Qh5 Qd7 21. Rb1 Ne7 22. b5 cxb5 23. Nxb5 Nbc6 24. Nd6 g6 25. Qh6 Rab8 26. Raa1 a5 27. Qf4 Rb4 28. Re1 1/2-1/2

[Event "ITA-ch Online-1 g4 5'"]
[Site "Internet FICS "]
[Date "2000.04.05"]
[Round "1"]
[White "Pagnoncelli, Marco"]
[Black "Malloni, Marcello"]
[Result "0-1"]
[WhiteElo "2082"]
[BlackElo "2266"]
[PlyCount "138"]
[EventDate "2000.04.05"]
[EventType "swiss (blitz)"]
[EventRounds "8"]
[EventCountry "ITA"]
[SourceTitle "EXT 2002"]
[Source "ChessBase"]
[SourceDate "2001.11.25"]
[SourceVersion "1"]
[SourceVersionDate "2001.11.25"]
[SourceQuality "1"]

1. e4 e6 2. d4 d5 3. exd5 exd5 4. Nf3 Bg4 5. c4 Nf6 6. Nc3 Be7 7. h3 Bh5 8. g4 Bg6 9. Ne5 c6 10. cxd5 Nxd5 11. Bg2 Nxc3 12. bxc3 Nd7 13. Bf4 Nxe5 14. Bxe5 0-0 15. 0-0 f6 16. Bg3 Bd6 17. Qf3 Re8 18. Rfe1 Qc7 19. Bxd6 Qxd6 20. Re3 Bf7 21. Qe2 b6 22. Qd2 Rxe3 23. Qxe3 Re8 24. Qd2 Bd5 25. Bxd5+ Qxd5 26. Rd1 Kf7 27. Qc2 Qf3 28. Qd3 Qxd3 29. Rxd3 Re2 30. a3 Ra2 31. c4 Ke7 32. d5 cxd5 33. cxd5 Kd6 34. Kg2 Rc2 35. Kf3 Rc4 36. Ke3 g6 37. Kf3 b5 38. Ke3 a6 39. Kf3 a5 40. Ke3 b4 41. axb4 axb4 42. Ke2 Rc5 43. Rd4 Rb5 44. Rf4 Ke5 45. Rf3 Rxd5 46. Rb3 Rb5 47. Kd3 Kf4 48. Ke2 Rb6 49. Kf1 Ke4 50. Ke2 Kd4 51. Kd2 Kc4 52. Kc2 Re6 53. Rf3 b3+ 54. Kb2 Rd6 55. Rf4+ Rd4 56. Rxf6 Rd2+ 57. Kb1 Kc3 58. Rf3+ Rd3 59. Rxd3+ Kxd3 60. Kb2 Ke2 61. Kxb3 Kxf2 62. h4 Kg3 63. h5 g5 64. Kc3 Kxg4 65. h6 Kh5 66. Kd4 Kxh6 67. Ke4 Kg6 68. Kf3 h5 69. Kg3 Kf5 0-1

[Event "Bratto op 20th"]
[Site "Bratto"]
[Date "2000.??.??"]
[Round "7"]
[White "Battaggia, Piergiorgio"]
[Black "Pagnoncelli, Marco"]
[Result "1-0"]
[WhiteElo "2118"]
[BlackElo "2082"]
[PlyCount "51"]
[EventDate "2000.08.25"]
[EventType "swiss"]
[EventRounds "9"]
[EventCountry "ITA"]
[SourceTitle "CBM 077 Extra"]
[Source "ChessBase"]
[SourceDate "2000.09.14"]
[SourceVersion "1"]
[SourceVersionDate "2000.09.14"]
[SourceQuality "1"]

1. d4 Nf6 2. c4 c5 3. e3 g6 4. Nf3 Bg7 5. Nc3 0-0 6. Be2 cxd4 7. Nxd4 d5 8. 0-0 dxc4 9. Bxc4 a6 10. h3 b5 11. Be2 e5 12. Nf3 Qe7 13. Qc2 Bb7 14. Bd2 Nc6 15. Rad1 Rac8 16. Qb1 Rfd8 17. Bc1 e4 18. Nd2 Nb4 19. a3 Nd3 20. Ndxe4 Nxe4 21. Rxd3 Nxc3 22. bxc3 Rxd3 23. Bxd3 Bxc3 24. Bb2 Qg5 25. e4 Qd2 26. Bc1 1-0

[Event "IECC Team FBIM email"]
[Site "UECC email"]
[Date "2000.??.??"]
[Round "14.12"]
[White "Bock, Franz"]
[Black "Pagnoncelli, Marco"]
[Result "0-1"]
[WhiteElo "2051"]
[BlackElo "2082"]
[PlyCount "72"]
[EventDate "2000.03.??"]
[EventType "team (corr)"]
[EventRounds "10"]
[SourceTitle "Corr 2002"]
[Source "ChessBase"]
[SourceDate "2002.05.23"]
[SourceVersion "1"]
[SourceVersionDate "2002.05.23"]
[SourceQuality "1"]

1. e4 c5 2. Nf3 d6 3. d4 cxd4 4. Nxd4 Nf6 5. Nc3 g6 6. Be3 Bg7 7. f3 0-0 8. Qd2 Nc6 9. 0-0-0 d5 10. exd5 Nxd5 11. Nxc6 bxc6 12. Nxd5 cxd5 13. Qxd5 Qc7 14. Qc5 Qb7 15. Qa3 Bf5 16. Bd3 Rab8 17. b3 Rfc8 18. Bxf5 gxf5 19. Rhe1 Qc7 20. c4 e6 21. Bc5 Qxh2 22. Bd6 Qh6+ 23. Kb1 Rb6 24. Bc5 Rbb8 25. Bd4 Rxc4 26. Qxa7 Rcc8 27. Bxg7 Qxg7 28. Qf2 f4 29. Rd6 Qg6+ 30. Re4 Rb4 31. Qe2 Rxe4 32. fxe4 Rc3 33. Ka1 f3 34. Rd8+ Kg7 35. Qb2 Qf6 36. Rd1 f2 0-1

[Event "SEMI A007 email"]
[Site "SEMI email"]
[Date "2000.??.??"]
[Round "?"]
[White "Howes, Tony"]
[Black "Pagnoncelli, Marco"]
[Result "0-1"]
[WhiteElo "1801"]
[BlackElo "2082"]
[PlyCount "44"]
[EventDate "2000.01.25"]
[EventType "tourn (corr)"]
[EventRounds "6"]
[EventCountry "ITA"]
[SourceTitle "Corr 2002"]
[Source "ChessBase"]
[SourceDate "2002.05.23"]
[SourceVersion "1"]
[SourceVersionDate "2002.05.23"]
[SourceQuality "1"]

1. e4 c5 2. Nf3 d6 3. d4 cxd4 4. Nxd4 Nf6 5. Nc3 g6 6. Be3 Bg7 7. f3 0-0 8. Qd2 Nc6 9. g4 Nxd4 10. Bxd4 Be6 11. 0-0-0 Qa5 12. a3 Rfc8 13. h4 Rab8 14. h5 b5 15. h6 b4 16. hxg7 bxa3 17. Nb5 Rxb5 18. Bxb5 Qxb5 19. bxa3 Qa4 20. c3 Bb3 21. Rdg1 e5 22. Kb2 Be6 0-1

[Event "Bratto op 20th"]
[Site "Bratto"]
[Date "2000.??.??"]
[Round "8"]
[White "Marta, Daniele"]
[Black "Pagnoncelli, Marco"]
[Result "1/2-1/2"]
[WhiteElo "2007"]
[BlackElo "2082"]
[PlyCount "88"]
[EventDate "2000.08.25"]
[EventType "swiss"]
[EventRounds "9"]
[EventCountry "ITA"]
[SourceTitle "EXT 2002"]
[Source "ChessBase"]
[SourceDate "2001.11.25"]
[SourceVersion "1"]
[SourceVersionDate "2001.11.25"]
[SourceQuality "1"]

1. d4 Nf6 2. Nf3 g6 3. c4 c5 4. Nc3 Bg7 5. e4 cxd4 6. Nxd4 d6 7. Be2 Nc6 8. Nc2 0-0 9. 0-0 Be6 10. b3 Nxe4 11. Nxe4 Bxa1 12. Nxa1 d5 13. Ng5 Bf5 14. g4 Be6 15. Nxe6 fxe6 16. Bb2 Qd6 17. Nc2 a6 18. Qd2 Rad8 19. Rd1 Qc5 20. Qe3 Qxe3 21. fxe3 dxc4 22. Nd4 Nxd4 23. Rxd4 Rxd4 24. Bxd4 cxb3 25. axb3 Rc8 26. Kf2 Rc2 27. Kf3 Kf7 28. h4 Rc1 29. Bd3 b5 30. Kf4 Rh1 31. Kg5 Rh3 32. h5 gxh5 33. gxh5 e5 34. Kg4 Rxh5 35. Kxh5 exd4 36. exd4 Ke6 37. Be4 a5 38. Bc6 Kd6 39. Bxb5 Kd5 40. Bd3 h6 41. Kxh6 Kxd4 42. Bc4 a4 43. bxa4 Kxc4 44. Kg5 e5 1/2-1/2

[Event "Bratto op 20th"]
[Site "Bratto"]
[Date "2000.??.??"]
[Round "1"]
[White "Pagnoncelli, Marco"]
[Black "Mione, Dario"]
[Result "1/2-1/2"]
[WhiteElo "2082"]
[BlackElo "2286"]
[PlyCount "103"]
[EventDate "2000.08.25"]
[EventType "swiss"]
[EventRounds "9"]
[EventCountry "ITA"]
[SourceTitle "CBM 077 Extra"]
[Source "ChessBase"]
[SourceDate "2000.09.14"]
[SourceVersion "1"]
[SourceVersionDate "2000.09.14"]
[SourceQuality "1"]

1. e4 c5 2. Nf3 e6 3. d4 cxd4 4. Nxd4 a6 5. g3 Bc5 6. Nc3 Qb6 7. Na4 Qa5+ 8. Nc3 Bb4 9. Bd2 Nf6 10. Bg2 Qc7 11. 0-0 0-0 12. a3 Be7 13. h3 Nc6 14. Be3 Na5 15. Kh2 Nc4 16. Bc1 Nxa3 17. e5 Ne8 18. Qd3 Nc4 19. f4 Rb8 20. b3 Na5 21. f5 f6 22. exf6 Nxf6 23. fxe6 dxe6 24. Nxe6 Bxe6 25. Bf4 Qb6 26. Bxb8 Rxb8 27. Rxf6 Bxf6 28. Nd5 Rd8 29. Nxf6+ gxf6 30. Qc3 Rc8 31. Qxf6 Rxc2 32. Qg5+ Kf7 33. Rxa5 Qf2 34. Qh5+ Kf8 35. Qh6+ Ke7 36. Qxh7+ Kd8 37. Qh8+ Kd7 38. Qg7+ Bf7 39. Rd5+ Kc7 40. Qe5+ Kc8 41. Qf5+ Qxf5 42. Rxf5 Bxb3 43. g4 Be6 44. Re5 Kd7 45. Kg3 b5 46. g5 b4 47. g6 b3 48. g7 b2 49. Rxe6 b1Q 50. g8Q Rxg2+ 51. Kxg2 Qa2+ 52. Kf1 1/2-1/2

[Event "Bratto op 20th"]
[Site "Bratto"]
[Date "2000.??.??"]
[Round "5"]
[White "Ranieri, Fabrizio"]
[Black "Pagnoncelli, Marco"]
[Result "1-0"]
[WhiteElo "2165"]
[BlackElo "2082"]
[PlyCount "165"]
[EventDate "2000.08.25"]
[EventType "swiss"]
[EventRounds "9"]
[EventCountry "ITA"]
[SourceTitle "CBM 077 Extra"]
[Source "ChessBase"]
[SourceDate "2000.09.14"]
[SourceVersion "1"]
[SourceVersionDate "2000.09.14"]
[SourceQuality "1"]

1. e4 c5 2. Nf3 d6 3. d4 cxd4 4. Nxd4 Nf6 5. Nc3 g6 6. f3 Bg7 7. Be3 0-0 8. Qd2 Nc6 9. 0-0-0 d5 10. Kb1 Nxd4 11. e5 Nd7 12. Bxd4 Nxe5 13. Qe3 Qd6 14. Nb5 Qb8 15. Bxa7 Rxa7 16. Qxa7 Qxa7 17. Nxa7 Bf5 18. Be2 Ra8 19. Nb5 Rc8 20. Nd4 Bd7 21. Rhe1 e6 22. f4 Nc4 23. Bxc4 Rxc4 24. c3 b5 25. a3 Kf8 26. g3 Ke7 27. Nf3 f6 28. Rd4 Kd6 29. Rxc4 bxc4 30. Kc2 Ba4+ 31. Kd2 h6 32. g4 e5 33. fxe5+ fxe5 34. Nh4 Be8 35. Ng2 Bd7 36. Rf1 Ke6 37. Ne3 Bc6 38. h4 Bf6 39. h5 gxh5 40. gxh5 Bg5 41. Ke2 Be8 42. Rh1 Bc6 43. Rd1 Be8 44. Rh1 Bc6 45. Rh3 Bb5 46. Nc2 d4 47. cxd4 c3+ 48. Kf2 cxb2 49. Rb3 Be8 50. Rxb2 exd4 51. Nxd4+ Kd5 52. Nf3 Bc1 53. Rb3 Kd6 54. Rd3+ Ke7 55. Rc3 Bf4 56. Rc5 Bd6 57. Ra5 Bc7 58. Ra7 Kd8 59. Ra6 Bxh5 60. Rxh6 Be8 61. Ke3 Ba4 62. Kd4 Bf4 63. Ra6 Bd1 64. Ne5 Kc7 65. Rf6 Bh2 66. Nc4 Bb3 67. Kc5 Bg1+ 68. Kb5 Bxc4+ 69. Kxc4 Kb7 70. Kb5 Be3 71. Rf7+ Kb8 72. Ka6 Bd4 73. Rb7+ Ka8 74. a4 Be3 75. a5 Bd4 76. Rd7 Be5 77. Kb6 Bf4 78. Ra7+ Kb8 79. Re7 Ka8 80. a6 Bd6 81. Rd7 Bf4 82. a7 Be3+ 83. Ka6 1-0